[Event "AUTO-MASTER-559"]
[Site "http://www.queenalice.com/game.php?id=488941"]
[Date "2008.11.6"]
[Round "2"]
[White "sotsab"]
[Black "jsteffi1"]
[Result "1-0"]
[WhiteElo "2115"]
[BlackElo "2162"]

1. d4 Nf6 2. c4 e6 3. Nf3 Be7 4. Nc3 O-O 5. e4 d5 6. e5 Ne4 7. Bd3 Nxc3 8. bxc3
dxc4 9. Bxc4 c5 10. O-O cxd4 11. cxd4 Nd7 12. Qe2 Nb6 13. Bd3 Nd5 14. Bd2 Bd7
15. Rab1 Bc6 16. h4 a6 17. h5 Nc7 18. h6 g6 19. Rfc1 Qd7 20. a4 Rfc8 21. a5 Nb5
22. Be4 Bd5 23. Qe1 Bxe4 24. Qxe4 Rxc1+ 25. Rxc1 Rc8 26. Rxc8+ Qxc8 27. d5 exd5
28. Qxd5 Qc6 29. Qd3 Nc7 30. Nh2 Qa4 31. Qc3 Qc6 32. Qxc6 bxc6 33. Kf1 f6 34.
exf6 1-0

[Event "AUTO-MASTER-559"]
[Site "http://www.queenalice.com/game.php?id=488942"]
[Date "2008.11.6"]
[Round "2"]
[White "jsteffi1"]
[Black "sotsab"]
[Result "0-1"]
[WhiteElo "2176"]
[BlackElo "2101"]

1. e4 Nf6 2. Nc3 e5 3. Bc4 Bc5 4. d3 d6 5. Na4 Nc6 6. Nxc5 dxc5 7. Be3 Qe7 8.
Nf3 Bg4 9. h3 Bxf3 10. Qxf3 O-O-O 11. O-O-O Nd4 12. Bxd4 cxd4 13. g3 a6 14. Qe2
Nd7 15. a3 b5 16. Ba2 Kb7 17. f4 f6 18. Qd2 Kb6 19. c4 dxc3 20. Qxc3 Nc5 21.
Rhf1 Rd7 22. fxe5 Qxe5 23. Qxe5 fxe5 24. Kc2 Rhd8 25. Rf7 Rxf7 26. Bxf7 Rf8 27.
Bh5 Ne6 28. Rd2 Nd4+ 29. Kc3 Rf1 30. Rd1 Rf6 31. Be8 c5 32. Bh5 g6 33. Bg4 h5
34. Bd7 Rf2 0-1

[Event "AUTO-MASTER-559"]
[Site "http://www.queenalice.com/game.php?id=488943"]
[Date "2008.11.6"]
[Round "2"]
[White "sotsab"]
[Black "Kasparico"]
[Result "0-1"]
[WhiteElo "2164"]
[BlackElo "2247"]

1. e4 d6 2. d4 Nf6 3. Nc3 g6 4. Nf3 Bg7 5. Bc4 c6 6. O-O O-O 7. a4 d5 8. exd5
cxd5 9. Bb3 Nc6 10. h3 Bf5 11. g4 Be6 12. Re1 Ne4 13. Bf4 f5 14. Ng5 Nxg5 15.
Bxg5 Bf7 16. gxf5 gxf5 17. Qd3 h6 18. Bh4 Kh8 19. a5 Rg8 20. Kh1 Nxd4 21. Bxe7
Qd7 22. Ba4 Qc7 23. Ne2 Nxe2 24. Rxe2 Bh5 25. Re6 Qf4 26. Qg3 Qd2 27. Bd6 Bf6
28. Qe3 f4 29. Bxf4 d4 30. Rxf6 dxe3 31. Rxh6+ Kg7 32. Rxh5 Qxf2 33. Rg5+ Kf6
0-1

[Event "AUTO-MASTER-559"]
[Site "http://www.queenalice.com/game.php?id=488944"]
[Date "2008.11.6"]
[Round "2"]
[White "Kasparico"]
[Black "sotsab"]
[Result "1-0"]
[WhiteElo "2257"]
[BlackElo "2154"]

1. d4 Nf6 2. Nf3 g6 3. c4 c5 4. d5 e6 5. Nc3 exd5 6. cxd5 d6 7. e4 Bg7 8. Bd3
O-O 9. O-O Bg4 10. h3 Bxf3 11. Qxf3 Nbd7 12. Bf4 Qb6 13. Nb5 Ne8 14. Rab1 a6 15.
Na3 Qc7 16. Nc4 b5 17. Nxd6 Nxd6 18. Qg3 Nxe4 19. Bxe4 Qa5 20. d6 Rad8 21. a3 c4
22. Bd5 Qb6 23. Rfd1 Rfe8 24. Bg5 Bf6 25. Be3 Rxe3 26. Qxe3 Qxe3 27. fxe3 Nc5
28. Bf3 Na4 29. Rd2 Bxb2 30. Rdxb2 Nxb2 31. Rxb2 Rxd6 32. Bb7 Kg7 33. e4 Kf6 34.
Rf2+ Ke7 35. Kh2 h6 36. Kg3 f6 37. Kf4 1-0

[Event "AUTO-MASTER-578"]
[Site "http://www.queenalice.com/game.php?id=501674"]
[Date "2008.12.2"]
[Round "2"]
[White "sotsab"]
[Black "daf88"]
[Result "1-0"]
[WhiteElo "2158"]
[BlackElo "2110"]

1. d4 Nf6 2. c4 e5 3. dxe5 Ng4 4. Nf3 Nc6 5. Bf4 Bb4+ 6. Nbd2 Qe7 7. e3 Ngxe5 8.
Nxe5 Nxe5 9. Be2 d6 10. O-O Bxd2 11. Qxd2 O-O 12. Rfd1 Ng6 13. Bg3 Be6 14. Bf3
Rab8 15. Qa5 a6 16. c5 Rfd8 17. cxd6 cxd6 18. Qb4 Rbc8 19. Bxd6 Qf6 20. Qxb7 Rc2
21. Ba3 Rdc8 22. Rf1 h6 23. Be4 R2c7 24. Qxa6 Nh4 25. b3 Qg5 26. Bd6 Rc6 27.
Bxc6 Rxc6 28. Qxc6 Bd5 29. Qe8+ Kh7 30. Bg3 Bxg2 31. Bxh4 Qg4 32. Bg3 Bf3 33.
Qxf7 h5 34. h3 Qe4 35. Rad1 1-0

[Event "AUTO-MASTER-578"]
[Site "http://www.queenalice.com/game.php?id=501675"]
[Date "2008.12.2"]
[Round "2"]
[White "daf88"]
[Black "sotsab"]
[Result "0-1"]
[WhiteElo "2056"]
[BlackElo "2140"]

1. e4 Nf6 2. e5 Nd5 3. d4 d6 4. f4 dxe5 5. fxe5 Nc6 6. c3 Bf5 7. Nf3 e6 8. Be2
Be7 9. O-O Qd7 10. Bg5 Bxg5 11. Nxg5 Ne3 12. Qd2 Nxf1 13. Bxf1 f6 14. exf6 gxf6
15. Nf3 O-O-O 16. b4 Rhg8 17. a4 Be4 18. Na3 Bxf3 0-1

[Event "Challenge"]
[Site "http://www.queenalice.com/game.php?id=843495"]
[Date "2010.10.9"]
[Round "-"]
[White "sotsab"]
[Black "Xyko"]
[Result "0-1"]
[WhiteElo "2087"]
[BlackElo "2123"]

1. d4 Nf6 2. c4 g6 3. Nc3 Bg7 4. e4 d6 5. f3 O-O 6. Bd3 e5 7. Be3 Ng4 8. fxg4
exd4 9. Nf3 dxc3 10. Bd4 Bxd4 11. Nxd4 cxb2 12. Rb1 Qh4+ 13. g3 Qf6 14. Be2 Nd7
15. Rxb2 c5 0-1

[Event "AUTO-MASTER-1241"]
[Site "http://www.queenalice.com/game.php?id=843823"]
[Date "2010.10.10"]
[Round "1"]
[White "mouderjr"]
[Black "sotsab"]
[Result "1-0"]
[WhiteElo "1982"]
[BlackElo "2145"]

1. e4 c5 2. Nf3 Nc6 3. d4 cxd4 4. Nxd4 e5 5. Nf3 Nf6 6. Bg5 d6 7. Bb5 Be7 8. Nc3
O-O 9. O-O a6 10. Bxc6 bxc6 11. a4 Qc7 12. Re1 Rb8 13. b3 Rd8 14. Bxf6 Bxf6 15.
Ne2 d5 16. Qd3 g6 17. Ng3 Bg7 18. h4 Rb4 19. Rad1 1-0

[Event "AUTO-MASTER-1241"]
[Site "http://www.queenalice.com/game.php?id=843824"]
[Date "2010.10.10"]
[Round "1"]
[White "sotsab"]
[Black "mouderjr"]
[Result "0-1"]
[WhiteElo "2128"]
[BlackElo "2005"]

1. d4 d6 2. e4 Nf6 3. Bd3 g6 4. Ne2 Bg7 5. O-O O-O 6. f3 c6 7. c4 Nbd7 8. Nbc3
a5 9. Be3 Qb6 10. Qd2 a4 11. d5 Qc7 12. Bc2 cxd5 13. cxd5 a3 14. b3 Qa5 15. Rac1
b6 16. Nd4 Bb7 17. Na4 Qxd2 0-1

[Event "AUTO-MASTER-1241"]
[Site "http://www.queenalice.com/game.php?id=843839"]
[Date "2010.10.10"]
[Round "1"]
[White "alainbouley"]
[Black "sotsab"]
[Result "1-0"]
[WhiteElo "2129"]
[BlackElo "2112"]

1. d4 Nf6 2. c4 g6 3. Nf3 Bg7 4. Nc3 d5 5. Qb3 dxc4 6. Qxc4 O-O 7. e4 b6 8. Qb3
Bb7 9. Bd3 Nbd7 10. O-O c5 11. d5 Ng4 12. Bf4 Nge5 13. Nxe5 Nxe5 14. Be2 Kh8 15.
Bg3 1-0

[Event "AUTO-MASTER-1241"]
[Site "http://www.queenalice.com/game.php?id=843840"]
[Date "2010.10.10"]
[Round "1"]
[White "sotsab"]
[Black "alainbouley"]
[Result "0-1"]
[WhiteElo "2101"]
[BlackElo "2140"]

1. e4 e5 2. Nf3 Nf6 3. Nc3 Nc6 4. d4 exd4 5. Nxd4 Bb4 6. Nxc6 bxc6 7. Qd4 Qe7 8.
f3 O-O 9. Bg5 c5 10. Qe3 Qe5 11. Bf4 Bxc3+ 12. bxc3 Qe7 13. Bxc7 Nd5 14. Bd6
Nxe3 0-1

[Event "AUTO-MASTER-1241"]
[Site "http://www.queenalice.com/game.php?id=843849"]
[Date "2010.10.10"]
[Round "1"]
[White "fabianno"]
[Black "sotsab"]
[Result "1-0"]
[WhiteElo "2088"]
[BlackElo "2056"]

1. Nf3 Nf6 2. g3 g6 3. Bg2 Bg7 4. O-O O-O 5. d3 d5 6. Bg5 Nbd7 7. Qd2 c6 8. Bh6
e5 9. Bxg7 Kxg7 10. c3 Qe7 11. Na3 Nh5 12. Nc2 1-0

[Event "AUTO-MASTER-1241"]
[Site "http://www.queenalice.com/game.php?id=843850"]
[Date "2010.10.10"]
[Round "1"]
[White "sotsab"]
[Black "fabianno"]
[Result "0-1"]
[WhiteElo "2072"]
[BlackElo "2072"]

1. e4 c5 2. Nf3 d6 3. d4 cxd4 4. Nxd4 Nf6 5. Nc3 Nc6 6. Bc4 g6 7. f3 Bg7 8. Be3
h5 9. Qd2 a6 10. a3 Bd7 11. O-O-O Rc8 12. Ba2 b5 0-1

[Event "Invitation"]
[Site "http://www.queenalice.com/game.php?id=1472193"]
[Date "2017.4.6"]
[Round "-"]
[White "sotsab"]
[Black "faxil"]
[Result "1-0"]
[WhiteElo "2041"]
[BlackElo "1386"]

1. d4 d5 2. Bf4 Nf6 3. e3 Bg4 4. f3 Bf5 5. c4 e6 6. Nc3 Bd6 7. Bg5 c6 8. Qb3 b5
9. cxb5 cxb5 10. Bxb5+ Nbd7 11. Nge2 Be7 12. O-O O-O 13. Ng3 Bg6 14. Rfd1 Rb8
15. Bf4 Rb7 16. Qa4 a5 17. e4 dxe4 18. fxe4 e5 19. dxe5 Qb6+ 20. Kh1 Ng4 21. h3
Nf2+ 22. Kh2 Nxd1 23. Rxd1 Nc5 24. Qc4 Ne6 25. Bc1 Bg5 26. Rd6 Qf2 27. Bxg5 Nxg5
28. Qd3 Qxb2 29. Bc4 Rb6 30. Rd8 Rb8 31. Rxf8+ Kxf8 32. Nf5 Bxf5 33. exf5 Rc8
34. Qd7 Qb8 35. Qd5 Rd8 36. Qc5+ Kg8 37. h4 Qc8 38. Qe7 Rd7 39. Qxg5 Qxc4 40. f6
1-0